01147cas a22003137a 450000500170000000800410001701000100005801100100006802200140007803500100009224501260010226001080022830000070033631000140034336200210035750000550037859000410043359000410047459000410051559000420055665000540059865000480065286600220070086600230072286600340074590100070077990500300078699900170081620220329142036.0990413u1942 eesbr pernn 0 ub1spa d a77473 a784450 a0003-3987 a8837600aAnales de Edafología y Agrobiologíac/por Instituto Nacional de Edafología y Agrobiología José María Albareda0 aMadrid, España :bInstituto Nacional de Edafología y Agrobiología José María Albareda,c1942- av. aBimestral av.38 n.1-2, 1979 aSe dejó de recibir a partir del v.38 n.1-2, 1979 aBATCH-UPDb10c20130110lUCH01h0539 aBATCH-UPDb10c20130410lUCH01h0220 aBATCH-UPDb10c20130913lUCH01h2201 aCONVERSIONb10c20130109lUCH01h134314aAgrobiologíaxPublicaciones periódicas.9215114aSuelosxPublicaciones periódicas.9110465 av.25 n.1-2 (1966) av.25 n.5-12 (1966) av.29 n.1-v.38 n.2 (1970-1979) aSE aMa. del Socorro Iturbe C. c77473d77473